000 00599cjm a2200181 4500
001 3990
007 co |||||||||||
008 050901s2002 bt m eng
010 _a 2004326353
245 0 0 _aJourney to Sengbji, Bhutan :
_bSongs of Am Nimchu Pem /
_cAm Nimchu Pem.
246 1 _iAdditional title on container:
_aBrug
260 _aBhutan :
_bMusic of Bhutan Research Center,
_c2009.
300 _a1 CD-ROM ;
_c4 3/4 in.
500 _aTitle from disc label.
538 _aSystem requirements: Multimedia computer.
650 _aFolk music --Bhutan.
_v
_x
_y
_z
_2
651 0 _aBhutan --Music.
_x
999 _c3257
_d3257